000 00376 a2200169 4500
001 69188
020 _a8576351080
040 _cAnchieta - Itaigara
100 _aAlbergaria, Lino de
240 1 0 _aTomás e Taís
_lpor
245 1 0 _aTomás e Taís
300 _a31
362 0 _a2006
440 1 _aLarousse do Brasil
650 4 _aLiteratura infanto-juvenil
942 _cBK
999 _c69188
_d69188